000 00367nam a2200145Ia 4500
005 20260328104331.0
008 260328s9999||||xx |||||||||||||| ||und||
100 _aArango, Eduardo
245 0 _aBambusa Guadua :
_b la Cultura del Café /
_cEduardo Arango
250 _aLimitada
260 _bVillegas Editores
300 _a173 p.
650 _aBAMBÚ
942 _cBK
999 _c11719
_d11719